000
00200 a2200097 4500
001
1735
100
_a
Feigenbaum, A.V.
245
_a
Quality control
260
_a
_b
Mcgrawhill
_c
090
_c
1271
_d
1271
942
_a
NUST-CAE
_c
M
_c
3014
999
_c
236808
_d
236808